[Event "World School-ch U17 7th"]
[Site "Krakow"]
[Date "2011.04.30"]
[Round "1"]
[White "Jaskolka, Tomasz"]
[Black "Dadashli, Emin"]
[Result "1-0"]
[WhiteElo "1954"]
[BlackElo "1000"]
[PlyCount "39"]
[EventDate "2011.04.30"]
[EventType "swiss"]
[EventRounds "9"]
[EventCountry "POL"]
[SourceTitle "EXT 2012"]
[Source "ChessBase"]
[SourceDate "2011.11.24"]
[SourceVersion "1"]
[SourceVersionDate "2011.11.24"]
[SourceQuality "1"]

1. e4 e5 2. Nf3 Nf6 3. Nc3 d6 4. Bc4 Nc6 5. Ng5 Bg4 6. Bxf7+ Kd7 7. f3 Bh5 8. Qe2 Nd4 9. Qd3 Nc6 10. Qc4 d5 11. exd5 Qe7 12. dxc6+ bxc6 13. Bxh5 Nxh5 14. Qg4+ Ke8 15. Qxh5+ Kd7 16. Nf7 Ke6 17. Nxh8 g6 18. Qg4+ Kd6 19. Ne4+ Kd5 20. b3 1-0